|
|
|
|
| LEADER |
01421cam a2200385 a 4500 |
| 001 |
c000227531 |
| 003 |
CARM |
| 005 |
20061207145516.0 |
| 008 |
790823s1977 at bs s000 0 eng d |
| 010 |
|
|
|a 79313237
|
| 015 |
|
|
|a Aus
|
| 019 |
1 |
|
|a 1587204
|5 LACONCORD2021
|
| 020 |
|
|
|a 072401134X :
|c unpriced
|
| 035 |
|
|
|a (OCoLC)5726732
|5 LACONCORD2021
|
| 040 |
|
|
|a ANB
|b eng
|c ANB
|d ABN:SN
|
| 042 |
|
|
|a anuc
|
| 043 |
|
|
|a u-at-ne
|
| 050 |
0 |
0 |
|a HE5614.5.A8
|b V39
|
| 082 |
0 |
0 |
|a 614.8/62/09944
|
| 100 |
1 |
|
|a Vaughan, Rodney G.
|q (Rodney George)
|
| 245 |
1 |
0 |
|a Motorcycle crashes :
|b a level two study /
|c [by] Rodney G. Vaughan, Keith Pettigrew [and] Jill Lukin.
|
| 260 |
|
|
|a [Sydney] :
|b Traffic Accident Research Unit, Dept. of Motor Transport,
|c 1977.
|
| 300 |
|
|
|a ix, 92 p. :
|b graphs ;
|c 29 cm.
|
| 490 |
1 |
|
|a 2/77
|
| 500 |
|
|
|a Motorcycles. Accidents. New South Wales. Reports, surveys (ANB/PRECIS SIN 0177326)
|
| 500 |
|
|
|a Tables.
|
| 504 |
|
|
|a Bibliography: p.28-30.
|
| 650 |
|
0 |
|a Motorcycles.
|
| 650 |
|
0 |
|a Traffic accidents
|z New South Wales.
|
| 700 |
1 |
|
|a Lukin, Jill.
|
| 700 |
1 |
|
|a Pettigrew, Keith.
|
| 830 |
|
0 |
|a Traffic Accident Research Unit (Series) ;
|v 77/2.
|
| 852 |
8 |
|
|b CARM
|h A2:AJ26H0
|i F01373
|p 0268685
|f BK
|
| 999 |
f |
f |
|i bd94e299-8ab5-50d3-a699-6afa617d8726
|s 47450575-13c0-5513-a8e0-9c4e2da74b5a
|
| 952 |
f |
f |
|p Can circulate
|a CAVAL
|b CAVAL
|c CAVAL
|d CARM 1 Store
|e F01373
|f A2:AJ26H0
|h Other scheme
|i book
|m 0268685
|